Score 0/81 Timer 10:00
0 Plays Today
% Correct
Arabian
82%
Shetland
81.8%
Thoroughbred
81.4%
Quarter Horse
73.5%
Welsh
72.9%
Welsh
72.9%
Appaloosa
67.5%
Paint
66.5%
Clydesdale
64.8%
Shire
64.4%
Mustang
58%
Morgan
56.9%
Percheron
42.9%
Friesian
42.7%
Saddlebred
42%
Dutch Warmblood
41.6%
Dutch Warmblood
41.6%
Standardbred
41%
Connemara
41%
Tennessee Walking Horse
39.1%
Dartmoor
38.7%
Exmoor
36.2%
Fjord
34.6%
Falabella
34.6%
Lipizzan
32.9%
Fell
32.9%
Paso Fino
32.3%
% Correct
Hackney
31.5%
Gypsy Vanner
28.8%
Akhal-Teke
28.4%
Oldenburg
28%
Dales
27.7%
Dales
27.7%
Lusitano
25.7%
Trakehner
24.8%
Barb
24%
Missouri Fox Trotter
24%
Miniature Horse
23.4%
Suffolk Punch
23.2%
Holsteiner
22.8%
Anglo Arab
22.2%
Swedish Warmblood
21.9%
Cleveland Bay
21.5%
Danish Warmblood
20.9%
Danish Warmblood
20.9%
Selle Francais
19%
Irish Draft
18.6%
Icelandic Horse
18.4%
Peruvian Paso
18.4%
Camargue
18.2%
Irish Sport Horse
18.2%
Hanovarian
18%
Rocky Mountain Horse
17.8%
Pony of the Americas
17.4%
% Correct
New Forest Pony
17.4%
Brumby
16.8%
Caspian
16.6%
Chincoteague
15.7%
French Trotter
15.3%
Halflinger
15.1%
Knabstrup
15.1%
Orlov Trotter
14.9%
Bashkir
13.3%
Highland Pony
13.2%
American Warmblood
12.4%
Marwari
11.6%
Newfoundland Pony
11.2%
Gotland
10.6%
Swiss Warmblood
9.3%
Canadian Horse
9.1%
Racking Horse
9.1%
Gelderland
8.9%
Australian Pony
7.7%
Russian Don
7.4%
National Show Horse
6.6%
Tersk
6.6%
Bavarian Warmblood
6%
Dutch Heavy Draught
3.9%
Przewalksi's Horse
3.7%
Sable Island Pony
3.7%
French Saddle Pony
3.7%

You're not logged in!

Compare scores with friends on all Sporcle quizzes.
OR
Log In

Sporcle TV

Today on Sporcle TV


Watch our educational content, quiz creation guides, and fun videos on Sporcle TV.

Show Comments

Extras

Created Oct 5, 2009ReportNominate
Tags:Breed, common, horse, Pony

Top Quizzes Today


Score Distribution

Paid Content

Your Account Isn't Verified!

In order to create a playlist on Sporcle, you need to verify the email address you used during registration. Go to your Sporcle Settings to finish the process.

Report this User

Report this user for behavior that violates our Community Guidelines.

Details: